Теория механизмов и машин: учебное пособие

Detalles Bibliográficos
Autor Principal: Мкртычев О. В. Олег Витальевич
Summary:Учебное пособие содержит основные понятия, аксиомы и теоремы теории механизмов и машин, методы решения задач, стоящих перед ней, а также примеры выполнения заданий. Изложение материала сопровождается таблицами, чертежами и примерами решения типовых задач, что облегчает усвоение предлагаемой информации, систематизируя ее. Пособие предназначено для студентов вузов всех профилей подготовки бакалавров по направлениям 15.03.02 "Технологические машины и оборудование" и 23.03.02 "Наземные транспортно-технологические комплексы" всех форм обучения, а также аспирантов и преподавателей данной дисциплины.
Idioma:ruso
Publicado: Москва, Вузовский учебник, 2018
Series:Высшее образование - Бакалавриат
Subjects:
Formato: Libro
KOHA link:https://koha.lib.tpu.ru/cgi-bin/koha/opac-detail.pl?biblionumber=341652

MARC

LEADER 00000nam0a2200000 4500
001 341652
005 20231102005352.0
010 |a 9785955805405 
010 |a 978-5-16-012570-1 
035 |a (RuTPU)RU\TPU\book\369871 
090 |a 341652 
100 |a 20181017d2018 m y0rusy50 ca 
101 0 |a rus 
102 |a RU 
105 |a a j 001zy 
200 1 |a Теория механизмов и машин  |e учебное пособие  |f О. В. Мкртычев 
210 |a Москва  |c Вузовский учебник  |c Инфра-М  |d 2018 
215 |a 553 с.  |c ил. 
225 1 |a Высшее образование - Бакалавриат 
320 |a Библиогр.: с. 546-547 
320 |a Список обозначений: с. 3 
330 |a Учебное пособие содержит основные понятия, аксиомы и теоремы теории механизмов и машин, методы решения задач, стоящих перед ней, а также примеры выполнения заданий. Изложение материала сопровождается таблицами, чертежами и примерами решения типовых задач, что облегчает усвоение предлагаемой информации, систематизируя ее. Пособие предназначено для студентов вузов всех профилей подготовки бакалавров по направлениям 15.03.02 "Технологические машины и оборудование" и 23.03.02 "Наземные транспортно-технологические комплексы" всех форм обучения, а также аспирантов и преподавателей данной дисциплины. 
606 1 |a Механизмы и машины  |x Теория  |2 stltpush  |3 (RuTPU)RU\TPU\subj\64695  |9 81456 
610 1 |a структурный анализ 
610 1 |a кинематический анализ 
610 1 |a инженерное проектирование 
610 1 |a структура 
610 1 |a геометрические характеристики 
610 1 |a кинематические характеристики 
610 1 |a динамический анализ 
610 1 |a силовой расчет 
610 1 |a уравновешивание 
610 1 |a виброзащита 
610 1 |a энергетические характеристики 
610 1 |a трение 
610 1 |a движение 
610 1 |a неравномерность 
610 1 |a плоские механизмы 
610 1 |a метрический синтез 
610 1 |a кулачковые механизмы 
610 1 |a зубчатые передачи 
610 1 |a пространственные зубчатые передачи 
610 1 |a учебные пособия 
675 |a 621.01(075.8)  |v 4 
700 1 |a Мкртычев  |b О. В.  |g Олег Витальевич 
801 1 |a RU  |b 63413507  |c 20181017 
801 2 |a RU  |b 63413507  |c 20181116  |g RCR 
942 |c BK